00000000nam##2200000za#4500
0019.676010
003CaOODSP
00520250403105550
007cr |||||||||||
008150407|1989||||xxc|||||o    f|0| 0 fre|d
040 |aCaOODSP|bfre
041 |aeng
041 |afre
043 |an-cn---
0861 |aCS92-F0009/1989-2-PDF
24500|aListe intérimaire des changements de limites, de statut et de nom des municipalités juillet 1988 à juillet 1989 |h[ressource électronique]
260 |aOttawa - Ontario : |bStatistique Canada |c1989.
500 |aPublication du recensement historique numérisé par Statistique Canada.
590 |a13-04-Supp|b2013-02-13
69107|aCirconscription électorale|2gcpds
69107|aRecensement|2gcpds
7102 |aStatistique Canada.
791 |tInterim list of changes to municipal boundaries, status and names July 1988 to July 1989 |eeng|w(CaOODSP)9.676009
85640|ahttp://publications.gc.ca|qPDF|s1.0 Mo|uhttps://publications.gc.ca/collections/collection_2013/statcan/rh-hc/CS92-F0009-1989-2.pdf